000 00651nam a2200253 a 4500
999 _c7320
_d7320
001 7320
003 BD - Jhcc
005 20180325123838.0
008 180325s1951 enka 000 0 eng d
035 _a(BD-JhCC)7320
040 _aBD-JhCC
_dBD-JhCC
041 _aeng
050 0 _aLC6519
082 _a822.914
_219
_bBRE 1851
245 0 4 _aThe Breath of life /
_cDavid Monmouth
260 _aLondon :
_bGeorge Allen & Unwin Ltd,
_c1988
300 _a206 p. :
_bill. ;
_c19 cm
504 _aIncludes bibliographies
650 0 _aLife (Biology)
650 0 _aNatural history
700 _aMonmouth, David
942 _2ddc
_cBK